Alle Literatur-Nobelpreisträger - Statistiken

Allgemein
  • Dieses Quiz wurde 792 mal gespielt
  • Das Durchschnittsergebnis liegt bei 41 aus 114
Antwortstatistiken
Hint Antwort % Korrekt
1999 Günter Grass
82%
1929 Thomas Mann
82%
1972 Heinrich Böll
73%
1946 Hermann Hesse
70%
2009 Herta Müller
65%
1954 Ernest Hemingway
64%
2016 Bob Dylan
61%
2004 Elfriede Jelinek
57%
1902 Theodor Mommsen
57%
1953 Winston Churchill
57%
1909 Selma Lagerlöf
55%
1964 Jean-Paul Sartre
49%
1957 Albert Camus
48%
2007 Doris Lessing
48%
1982 Gabriel García Márquez
48%
1912 Gerhart Hauptmann
48%
1958 Boris Pasternak
44%
1901 Sully Prudhomme
44%
1962 John Steinbeck
43%
1966 Nelly Sachs
43%
1971 Pablo Neruda
43%
1993 Toni Morrison
43%
1997 Dario Fo
42%
1907 Rudyard Kipling
42%
1969 Samuel Beckett
40%
1925 George Bernard Shaw
39%
2017 Kazuo Ishiguro
39%
2006 Orhan Pamuk
38%
1949 Wilialm Faulkner
38%
2013 Alice Munro
37%
2005 Harold Pinter
37%
1994 Kenzaburo Oe
37%
1991 Nadine Gordimer
37%
1910 Paul Heyse
37%
1903 Bjornsterne Bjornson
36%
1920 Knut Hamsun
36%
1990 Octavio Paz
36%
1938 Pearl S. Buck
36%
1913 Rabindranath Tagore
36%
1981 Elias Canetti
35%
1904 Frederic Mistral
35%
1945 Garbriela Mistral
35%
1983 William Golding
35%
2012 Mo Yan
34%
1948 Thomas Stearns Eliot
34%
1927 Henri Bergson
33%
1998 José Saramago
33%
1908 Rudolf Eucken
33%
1959 Salvatore Quasimodo
33%
1930 Sinclair Lewis
33%
2001 Vidiadhar Naipaul
33%
1989 Camilo José Cela
32%
1992 Derek Walcott
32%
1961 Ivo Andric
32%
1904 Jose Echegaray
32%
2010 Maria Vargas Llosa
32%
1923 William Butler Yeats
32%
1970 Alexander Solschenizyn
31%
1947 André Gide
31%
1921 Antole France
31%
1919 Carl Spitteler
31%
1974 Eyvind Johnson
31%
1926 Grazia Deledda
31%
1905 Henryk Sienkiewicz
31%
2002 Imre Kertész
31%
1933 Iwan Bunin
31%
1973 Patrick White
31%
1978 Isaac Bashevis Singer
30%
2014 Patrick Modiano
30%
1960 Saint-John Perse
30%
1928 Sigrid Undset
30%
2015 Swetlana Alexijewitsch
30%
1931 Erik Axel Karlfeldt
29%
1952 Francois Mauriac
29%
1974 Harry Martinson
29%
2008 Jean-Marie Gustave Le Clézio
29%
1932 John Galsworthy
29%
1965 Michail Scholochow
29%
1967 Miguel Ángel Asturias
29%
1977 Vincente Aleixandre
29%
1996 Wislawa Szymborska
29%
1985 Claude Simon
28%
1963 Girogos Seferis
28%
1944 Johannes Vilhelm Jensen
28%
1956 Juan Ramón Jiménez
28%
1937 Roger Martin du Gard
28%
1915 Romain Rolland
28%
2000 Gao Xingjian
27%
1906 Giosue Carducci
27%
1955 Halldór Laxness
27%
1917 Henrik Pontoppidan
27%
1984 Jaroslav Seifert
27%
2003 John Maxwell Coetzee
27%
1934 Luigi Pirandello
27%
1911 Maurice Maeterlinck
27%
1951 Pär Lagerkvist
27%
1966 Samuel Agnon
27%
1976 Saul Bellow
27%
2011 Tomas Tranströmer
27%
1986 Wole Soyinka
27%
1968 Yasunari Kawabata
27%
1936 Eugene O'Neill
26%
1975 Eugenio Montale
26%
1939 Frans Eemil Sillanpää
26%
1987 Joseph Brodsky
26%
1916 Verder von Heidenstam
26%
1950 Bertrand Russell
25%
1917 Karl Gjellerup
25%
1995 Seamus Heaney
25%
1980 Czeslaw Milosz
24%
1988 Nagib Mahfuz
24%
1922 Jacinto Benavente
23%
1979 Odysseas Elytis
23%
1924 Wladyslaw Reymont
22%
Keine übereinstimmenden Quizze gefunden
Verteilung der Resultate
Anzahl Personen mit jedem Resultat
Perzentil nach korrekt beantworteten Fragen
Ihre Resultats-Entwicklung
Sie haben dieses Quiz noch nicht gespielt